Catálogo - Centro de Recursos para el Aprendizaje y la Investigación

Volver al Sitio - CRAI Biblioteca

La aplicación del principio del "Non bis in idem" consagrado en la constitución nacional / (Registro nro. 113989)

Detalles MARC
000 -CABECERA
campo de control de longitud fija 01300nam a2200265 4500
001 - NÚMERO DE CONTROL
campo de control 113989
003 - IDENTIFICADOR DEL NÚMERO DE CONTROL
campo de control DR-UNIBE
005 - FECHA Y HORA DE LA ÚLTIMA TRANSACCIÓN
campo de control 20250731103740.0
008 - DATOS DE LONGITUD FIJA--INFORMACIÓN GENERAL
campo de control de longitud fija 250731b2007 pn ||||| |||| 00| 0 spa d
020 ## - NÚMERO INTERNACIONAL ESTÁNDAR DEL LIBRO
Número Internacional Estándar del Libro 742185365
040 ## - FUENTE DE LA CATALOGACIÓN
Centro catalogador/agencia de origen BIBLIOTECA UNIBE
Lengua de catalogación spa
Centro/agencia transcriptor BIBLIOTECA UNIBE
Normas de descripción rda
041 ## - CÓDIGO DE LENGUA
Código de lengua del texto/banda sonora o título independiente spa
082 ## - NÚMERO DE LA CLASIFICACIÓN DECIMAL DEWEY
Número de edición 22
Número de clasificación 345.075 G633a
100 10 - ENTRADA PRINCIPAL--NOMBRE DE PERSONA
Nombre de persona Gómez de Antinori, Marcela,
Fechas asociadas al nombre 1958-
9 (RLIN) 198057
Término indicativo de función/relación autor
245 13 - MENCIÓN DE TÍTULO
Título La aplicación del principio del "Non bis in idem" consagrado en la constitución nacional /
Mención de responsabilidad, etc. Marcela Gómez de Antinori
260 ## - PUBLICACIÓN, DISTRIBUCIÓN, ETC.
Lugar de publicación, distribución, etc. Panamá :
Nombre del editor, distribuidor, etc. Cultura Visual,
Fecha de publicación, distribución, etc. 2007
300 ## - DESCRIPCIÓN FÍSICA
Extensión 140 páginas :
Dimensiones 18 x 12 cm
500 ## - NOTA GENERAL
Nota general Información del autor en la contraportada
505 ## - NOTA DE CONTENIDO CON FORMATO
Nota de contenido con formato Introducción |<br/>Capítulo primero. Conceptos fundamentales que enmarca el principio del "non bis in idem" |<br/>Capítulo segundo. El "non bis in idem" en la legislación nacional y comparada |<br/>Capítulo tercero. El principio "non bis in idem" en la legislación nacional y comparada |<br/>Conclusión |<br/>Recomendaciones |<br/>Bibliografía
650 #7 - PUNTO DE ACCESO ADICIONAL DE MATERIA--TÉRMINO DE MATERIA
Fuente del encabezamiento o término lemb
Término de materia o nombre geográfico como elemento de entrada Derecho procesal panameño
9 (RLIN) 198062
650 #7 - PUNTO DE ACCESO ADICIONAL DE MATERIA--TÉRMINO DE MATERIA
Fuente del encabezamiento o término lemb
Término de materia o nombre geográfico como elemento de entrada Derecho penal panameño
9 (RLIN) 198063
650 #7 - PUNTO DE ACCESO ADICIONAL DE MATERIA--TÉRMINO DE MATERIA
Fuente del encabezamiento o término lemb
Término de materia o nombre geográfico como elemento de entrada Cosa juzgada
Subdivisión general Jurisprudencia
9 (RLIN) 198064
700 ## - PUNTO DE ACCESO ADICIONAL--NOMBRE DE PERSONA
Nombre de persona Smith, Christopher
9 (RLIN) 198061
Término indicativo de función/relación diseñador portada
-- diagramador
942 ## - ELEMENTOS DE PUNTO DE ACCESO ADICIONAL (KOHA)
Fuente del sistema de clasificación o colocación Sistema de Clasificación Decimal Dewey
Tipo de ítem Koha Libro (general)
Existencias
Estado de retiro Estado de pérdida Fuente del sistema de clasificación o colocación No para préstamo Código de colección Localización permanente Fecha de adquisición Total de préstamos Signatura topográfica completa Código de barras Fecha visto por última vez Número de copia Precio válido a partir de Tipo de ítem Koha
  Disponible Sistema de Clasificación Decimal Dewey   General Biblioteca Central UNIBE 10/06/2025   345.075 G633a 250917 31/07/2025 Ej. 1 31/07/2025 Libro (general)